岩手県の駅<路線別> - Statistics

General Stats
  • This quiz has been taken 6 times
  • The average score is 54 of 205
Answer Stats
都道府県 鉄道事業者 路線 % Correct
岩手県 東日本旅客鉄道 東北新幹線 一ノ関
100%
岩手県 東日本旅客鉄道 東北新幹線 水沢江刺
100%
岩手県 東日本旅客鉄道 東北新幹線 北上
100%
岩手県 東日本旅客鉄道 東北新幹線 新花巻
100%
岩手県 東日本旅客鉄道 東北新幹線 盛岡
100%
岩手県 東日本旅客鉄道 東北新幹線 いわて沼宮内
100%
岩手県 東日本旅客鉄道 東北本線 一ノ関
100%
岩手県 東日本旅客鉄道 東北本線 平泉
100%
岩手県 東日本旅客鉄道 東北本線 水沢
100%
岩手県 東日本旅客鉄道 東北本線 北上
100%
岩手県 東日本旅客鉄道 東北本線 花巻
100%
岩手県 東日本旅客鉄道 東北本線 盛岡
100%
岩手県 東日本旅客鉄道 花輪線 好摩
100%
岩手県 東日本旅客鉄道 秋田新幹線 盛岡
100%
岩手県 東日本旅客鉄道 秋田新幹線 雫石
100%
岩手県 東日本旅客鉄道 田沢湖線 盛岡
100%
岩手県 東日本旅客鉄道 田沢湖線 雫石
100%
岩手県 東日本旅客鉄道 北上線 北上
100%
岩手県 東日本旅客鉄道 山田線 盛岡
100%
岩手県 東日本旅客鉄道 山田線 宮古
100%
岩手県 東日本旅客鉄道 釜石線 花巻
100%
岩手県 東日本旅客鉄道 釜石線 新花巻
100%
岩手県 東日本旅客鉄道 釜石線 釜石
100%
岩手県 東日本旅客鉄道 大船渡線 一ノ関
100%
岩手県 東日本旅客鉄道 大船渡線BRT
100%
岩手県 IGRいわて銀河鉄道 IGRいわて銀河鉄道線 盛岡
100%
岩手県 IGRいわて銀河鉄道 IGRいわて銀河鉄道線 好摩
100%
岩手県 IGRいわて銀河鉄道 IGRいわて銀河鉄道線 いわて沼宮内
100%
岩手県 三陸鉄道 リアス線
100%
岩手県 三陸鉄道 リアス線 釜石
100%
岩手県 三陸鉄道 リアス線 宮古
100%
岩手県 東日本旅客鉄道 東北新幹線 二戸
75%
岩手県 東日本旅客鉄道 東北本線 花巻空港
75%
岩手県 東日本旅客鉄道 田沢湖線 小岩井
75%
岩手県 東日本旅客鉄道 北上線 ほっとゆだ
75%
岩手県 東日本旅客鉄道 山田線 区界
75%
岩手県 東日本旅客鉄道 大船渡線BRT 奇跡の一本松
75%
岩手県 東日本旅客鉄道 大船渡線BRT 大船渡
75%
岩手県 IGRいわて銀河鉄道 IGRいわて銀河鉄道線 二戸
75%
岩手県 東日本旅客鉄道 東北本線 山ノ目
50%
岩手県 東日本旅客鉄道 東北本線 前沢
50%
岩手県 東日本旅客鉄道 東北本線 金ケ崎
50%
岩手県 東日本旅客鉄道 東北本線 紫波中央
50%
岩手県 東日本旅客鉄道 北上線 立川目
50%
岩手県 東日本旅客鉄道 八戸線 久慈
50%
岩手県 東日本旅客鉄道 山田線 上米内
50%
岩手県 東日本旅客鉄道 釜石線 遠野
50%
岩手県 東日本旅客鉄道 釜石線 陸中大橋
50%
岩手県 IGRいわて銀河鉄道 IGRいわて銀河鉄道線 一戸
50%
岩手県 三陸鉄道 リアス線 田野畑
50%
岩手県 三陸鉄道 リアス線 普代
50%
岩手県 三陸鉄道 リアス線 久慈
50%
岩手県 東日本旅客鉄道 東北本線 六原
25%
岩手県 東日本旅客鉄道 東北本線 日詰
25%
岩手県 東日本旅客鉄道 東北本線 矢幅
25%
岩手県 東日本旅客鉄道 東北本線 仙北町
25%
岩手県 東日本旅客鉄道 花輪線 東大更
25%
岩手県 東日本旅客鉄道 花輪線 大更
25%
岩手県 東日本旅客鉄道 花輪線 松尾八幡平
25%
岩手県 東日本旅客鉄道 花輪線 安比高原
25%
岩手県 東日本旅客鉄道 花輪線 小屋の畑
25%
岩手県 東日本旅客鉄道 花輪線 荒屋新町
25%
岩手県 東日本旅客鉄道 田沢湖線 前潟
25%
岩手県 東日本旅客鉄道 田沢湖線 春木場
25%
岩手県 東日本旅客鉄道 北上線 柳原
25%
岩手県 東日本旅客鉄道 北上線 横川目
25%
岩手県 東日本旅客鉄道 北上線 和賀仙人
25%
岩手県 東日本旅客鉄道 北上線 ゆだ錦秋湖
25%
岩手県 東日本旅客鉄道 北上線 ゆだ高原
25%
岩手県 東日本旅客鉄道 八戸線 陸中八木
25%
岩手県 東日本旅客鉄道 八戸線 陸中中野
25%
岩手県 東日本旅客鉄道 八戸線 陸中夏井
25%
岩手県 東日本旅客鉄道 山田線 上盛岡
25%
岩手県 東日本旅客鉄道 山田線 陸中川井
25%
岩手県 東日本旅客鉄道 釜石線 似内
25%
岩手県 東日本旅客鉄道 釜石線 宮守
25%
岩手県 東日本旅客鉄道 大船渡線 陸中門崎
25%
岩手県 東日本旅客鉄道 大船渡線 陸中松川
25%
岩手県 東日本旅客鉄道 大船渡線 千厩
25%
岩手県 東日本旅客鉄道 大船渡線BRT 陸前高田
25%
岩手県 東日本旅客鉄道 大船渡線BRT 大船渡丸森
25%
岩手県 IGRいわて銀河鉄道 IGRいわて銀河鉄道線 滝沢
25%
岩手県 IGRいわて銀河鉄道 IGRいわて銀河鉄道線 金田一温泉
25%
岩手県 三陸鉄道 リアス線 恋し浜
25%
岩手県 三陸鉄道 リアス線 大槌
25%
岩手県 三陸鉄道 リアス線 吉里吉里
25%
岩手県 三陸鉄道 リアス線 岩手船越
25%
岩手県 三陸鉄道 リアス線 陸中山田
25%
岩手県 三陸鉄道 リアス線 田老
25%
岩手県 三陸鉄道 リアス線 新田老
25%
岩手県 三陸鉄道 リアス線 岩泉小本
25%
岩手県 三陸鉄道 リアス線 野田玉川
25%
岩手県 三陸鉄道 リアス線 陸中野田
25%
岩手県 三陸鉄道 リアス線 陸中宇部
25%
岩手県 東日本旅客鉄道 東北本線 油島
0%
岩手県 東日本旅客鉄道 東北本線 花泉
0%
岩手県 東日本旅客鉄道 東北本線 清水原
0%
岩手県 東日本旅客鉄道 東北本線 陸中折居
0%
岩手県 東日本旅客鉄道 東北本線 村崎野
0%
岩手県 東日本旅客鉄道 東北本線 石鳥谷
0%
岩手県 東日本旅客鉄道 東北本線 古館
0%
岩手県 東日本旅客鉄道 東北本線 岩手飯岡
0%
岩手県 東日本旅客鉄道 花輪線 平館
0%
岩手県 東日本旅客鉄道 花輪線 北森
0%
岩手県 東日本旅客鉄道 花輪線 赤坂田
0%
岩手県 東日本旅客鉄道 花輪線 横間
0%
岩手県 東日本旅客鉄道 花輪線 田山
0%
岩手県 東日本旅客鉄道 花輪線 兄畑
0%
岩手県 東日本旅客鉄道 田沢湖線 大釜
0%
岩手県 東日本旅客鉄道 田沢湖線 赤渕
0%
岩手県 東日本旅客鉄道 北上線 江釣子
0%
岩手県 東日本旅客鉄道 北上線 藤根
0%
岩手県 東日本旅客鉄道 北上線 岩沢
0%
岩手県 東日本旅客鉄道 八戸線 角の浜
0%
岩手県 東日本旅客鉄道 八戸線 平内
0%
岩手県 東日本旅客鉄道 八戸線 種市
0%
岩手県 東日本旅客鉄道 八戸線 玉川
0%
岩手県 東日本旅客鉄道 八戸線 宿戸
0%
岩手県 東日本旅客鉄道 八戸線 有家
0%
岩手県 東日本旅客鉄道 八戸線 侍浜
0%
岩手県 東日本旅客鉄道 山田線 山岸
0%
岩手県 東日本旅客鉄道 山田線 松草
0%
岩手県 東日本旅客鉄道 山田線 川内
0%
岩手県 東日本旅客鉄道 山田線 箱石
0%
岩手県 東日本旅客鉄道 山田線 腹帯
0%
岩手県 東日本旅客鉄道 山田線 茂市
0%
岩手県 東日本旅客鉄道 山田線 蟇目
0%
岩手県 東日本旅客鉄道 山田線 花原市
0%
岩手県 東日本旅客鉄道 山田線 千徳
0%
岩手県 東日本旅客鉄道 釜石線 小山田
0%
岩手県 東日本旅客鉄道 釜石線 土沢
0%
岩手県 東日本旅客鉄道 釜石線 晴山
0%
岩手県 東日本旅客鉄道 釜石線 岩根橋
0%
岩手県 東日本旅客鉄道 釜石線 柏木平
0%
岩手県 東日本旅客鉄道 釜石線 鱒沢
0%
岩手県 東日本旅客鉄道 釜石線 荒谷前
0%
岩手県 東日本旅客鉄道 釜石線 岩手二日町
0%
岩手県 東日本旅客鉄道 釜石線 綾織
0%
岩手県 東日本旅客鉄道 釜石線 青笹
0%
岩手県 東日本旅客鉄道 釜石線 岩手上郷
0%
岩手県 東日本旅客鉄道 釜石線 平倉
0%
岩手県 東日本旅客鉄道 釜石線 足ケ瀬
0%
岩手県 東日本旅客鉄道 釜石線 上有住
0%
岩手県 東日本旅客鉄道 釜石線 洞泉
0%
岩手県 東日本旅客鉄道 釜石線 松倉
0%
岩手県 東日本旅客鉄道 釜石線 小佐野
0%
岩手県 東日本旅客鉄道 大船渡線 真滝
0%
岩手県 東日本旅客鉄道 大船渡線 岩ノ下
0%
岩手県 東日本旅客鉄道 大船渡線 猊鼻渓
0%
岩手県 東日本旅客鉄道 大船渡線 柴宿
0%
岩手県 東日本旅客鉄道 大船渡線 摺沢
0%
岩手県 東日本旅客鉄道 大船渡線 小梨
0%
岩手県 東日本旅客鉄道 大船渡線 矢越
0%
岩手県 東日本旅客鉄道 大船渡線 折壁
0%
岩手県 東日本旅客鉄道 大船渡線 新月
0%
岩手県 東日本旅客鉄道 大船渡線BRT 長部
0%
岩手県 東日本旅客鉄道 大船渡線BRT 陸前今泉
0%
岩手県 東日本旅客鉄道 大船渡線BRT 高田高校前
0%
岩手県 東日本旅客鉄道 大船渡線BRT 高田病院
0%
岩手県 東日本旅客鉄道 大船渡線BRT 脇ノ沢
0%
岩手県 東日本旅客鉄道 大船渡線BRT 西下
0%
岩手県 東日本旅客鉄道 大船渡線BRT 小友
0%
岩手県 東日本旅客鉄道 大船渡線BRT 碁石海岸口
0%
岩手県 東日本旅客鉄道 大船渡線BRT 細浦
0%
岩手県 東日本旅客鉄道 大船渡線BRT 下船渡
0%
岩手県 東日本旅客鉄道 大船渡線BRT 大船渡魚市場前
0%
岩手県 東日本旅客鉄道 大船渡線BRT 地ノ森
0%
岩手県 東日本旅客鉄道 大船渡線BRT 田茂山
0%
岩手県 東日本旅客鉄道 大船渡線BRT 陸前矢作
0%
岩手県 東日本旅客鉄道 大船渡線BRT 竹駒
0%
岩手県 東日本旅客鉄道 大船渡線BRT 栃ケ沢公園
0%
岩手県 IGRいわて銀河鉄道 IGRいわて銀河鉄道線 青山
0%
岩手県 IGRいわて銀河鉄道 IGRいわて銀河鉄道線 厨川
0%
岩手県 IGRいわて銀河鉄道 IGRいわて銀河鉄道線 巣子
0%
岩手県 IGRいわて銀河鉄道 IGRいわて銀河鉄道線 渋民
0%
岩手県 IGRいわて銀河鉄道 IGRいわて銀河鉄道線 岩手川口
0%
岩手県 IGRいわて銀河鉄道 IGRいわて銀河鉄道線 御堂
0%
岩手県 IGRいわて銀河鉄道 IGRいわて銀河鉄道線 奥中山高原
0%
岩手県 IGRいわて銀河鉄道 IGRいわて銀河鉄道線 小繋
0%
岩手県 IGRいわて銀河鉄道 IGRいわて銀河鉄道線 小鳥谷
0%
岩手県 IGRいわて銀河鉄道 IGRいわて銀河鉄道線 斗米
0%
岩手県 三陸鉄道 リアス線 陸前赤崎
0%
岩手県 三陸鉄道 リアス線 綾里
0%
岩手県 三陸鉄道 リアス線 甫嶺
0%
岩手県 三陸鉄道 リアス線 三陸
0%
岩手県 三陸鉄道 リアス線 吉浜
0%
岩手県 三陸鉄道 リアス線 唐丹
0%
岩手県 三陸鉄道 リアス線 平田
0%
岩手県 三陸鉄道 リアス線 両石
0%
岩手県 三陸鉄道 リアス線 鵜住居
0%
岩手県 三陸鉄道 リアス線 浪板海岸
0%
岩手県 三陸鉄道 リアス線 織笠
0%
岩手県 三陸鉄道 リアス線 豊間根
0%
岩手県 三陸鉄道 リアス線 払川
0%
岩手県 三陸鉄道 リアス線 津軽石
0%
岩手県 三陸鉄道 リアス線 八木沢・宮古短大
0%
岩手県 三陸鉄道 リアス線 磯鶏
0%
岩手県 三陸鉄道 リアス線 山口団地
0%
岩手県 三陸鉄道 リアス線 一の渡
0%
岩手県 三陸鉄道 リアス線 佐羽根
0%
岩手県 三陸鉄道 リアス線 摂待
0%
岩手県 三陸鉄道 リアス線 島越
0%
岩手県 三陸鉄道 リアス線 白井海岸
0%
岩手県 三陸鉄道 リアス線 堀内
0%
岩手県 三陸鉄道 リアス線 十府ケ浦海岸
0%
No matching quizzes found
Score Distribution
Percent of People with Each Score
Percentile by Number Answered
Your Score History
You have not taken this quiz